Κατάλογος Βιβλιοθηκών Mediterranean College

Επικοινωνία στην εκπαίδευση / (Record no. 10003)

MARC details
000 -LEADER
fixed length control field 01958nam a22002177a 4500
003 - ΤΑΥΤΟΤΗΤΑ ΤΟΥ ΑΡΙΘΜΟΥ ΕΛΕΓΧΟΥ
Πεδίο ελέγχου GR-AtMCL
005 - ΗΜΕΡΟΜΗΝΙΑ ΚΑΙ ΩΡΑ ΤΕΛΕΥΤΑΙΑΣ ΕΝΗΜΕΡΩΣΗΣ
Πεδίο ελέγχου 20251223123737.0
006 - FIXED-LENGTH DATA ELEMENTS--ADDITIONAL MATERIAL CHARACTERISTICS
Πεδίο ελέγχου σταθερού μήκους a|||||r|||||||||||
008 - FIXED-LENGTH DATA ELEMENTS--GENERAL INFORMATION
Πεδίο ελέγχου σταθερού μήκους s2013 gr a b 000 0 gre d
020 ## - ISBN
ISBN 9786185059064
040 ## - ΠΗΓΗ ΚΑΤΑΛΟΓΟΓΡΑΦΗΣΗΣ
Φορέας πρωτότυπης καταλογογράφησης MC Athens Campus Library
Γλώσσα καταλογογράφησης Ελληνικά, Μοντέρνα (1453-)
Modifying agency MC Athens Campus Library
Κανόνες περιγραφικής καταλογογράφησης AACR2
100 ## - MAIN ENTRY--PERSONAL NAME
Personal name Σταμάτης, Παναγιώτης Ι.
9 (RLIN) 10203
245 10 - ΤΙΤΛΟΣ ΚΑΙ ΔΗΛΩΣΗ ΥΠΕΥΘΥΝΟΤΗΤΑΣ
Τίτλος Επικοινωνία στην εκπαίδευση /
Statement of responsibility, etc. Παναγιώτης Ι. Σταμάτης.
260 ## - PUBLICATION, DISTRIBUTION, ETC.
Place of publication, distribution, etc. Αθήνα :
Name of publisher, distributor, etc. Διάδραση,
Date of publication, distribution, etc. 2013.
300 ## - PHYSICAL DESCRIPTION
Extent 335 σ. :
Other physical details εικ. ;
Διαστάσεις 24 εκ.
504 ## - ΣΗΜΕΙΩΣΗ ΒΙΒΛΙΟΓΡΑΦΙΑΣ κλπ.
Σημείωση βιβλιογραφίας, κλπ. Περιέχει βιβλιογραφία.
505 0# - FORMATTED CONTENTS NOTE
Formatted contents note Μέρος 1ο. Βασικές έννοιες, τύποι, στρατηγικές και τεχνικές επικοινωνίας. Κεφ.1. Έννοια, σημασία και μορφές επικοινωνίας -- Κεφ.2. Εμπόδια, προβλήματα και διαταραχές επικοινωνίας -- Κεφ.3. Στρατηγικές και τεχνικές επικοινωνίας. Τύποι ή στυλ επικοινωνίας -- Μέρος 2ο. Σχολικός χώρος και επικοινωνία - Χώρος, ο δεύτερος παιδαγωγός: από τα σχολεία του χτες στα σχολεία του αύριο. Κεφ.1. Ο χώρος -- Κεφ.2. Ιστορία του σχολικού χώρου -- Κεφ.3. Σχεδιασμός σχολικών χώρων -- Μέρος 3ο. Επικοινωνία εκπαιδευτικών και γονέων στο σχολικό περιβάλλον. Κεφ.1. Επικοινωνία στο σχολικό περιβάλλον -- Κεφ.2. Επικοινωνία στην εκπαιδευτική διαδικασία -- Κεφ.3. Η γονεϊκή εμπλοκή/συμμετοχή στην εκπαιδευτική διαδικασία.
650 #0 - SUBJECT ADDED ENTRY--TOPICAL TERM
Topical term or geographic name entry element Εκπαίδευση
9 (RLIN) 9953
942 00 - ADDED ENTRY ELEMENTS (KOHA)
Koha item type Books
Holdings
Τύπος τεκμηρίου Βιβλιοθήκη Τρέχουσα τοποθεσία Barcode Αριθμός εισαγωγής Ημερομηνία απόκτησης Ταξιθετικό σύμβολο Αριθμός αντιτύπου Κατάσταση απόσυρσης Κατάσταση χαμένου Κατάσταση κατεστραμμένου Μη δανεισμός Σύνολο δανεισμών Ημερομηνία τελευταίας εμφάνισης Η τιμή ισχύει από
Books MC Athens Campus Library MC Athens Campus Library 9780000100092 8208 23/12/2025 371.102 ΣΤΑ 1           23/12/2025 23/12/2025

MC Athens Campus Library
Πατησίων 94 & Κοδριγκτώνος 13, 104 34
Πελλήνης 8 & Πατησίων 107, 112 51
Τ: +30 210 8899600

MC Thessaloniki Campus Library
Ίωνος Δραγούμη 21, 54625 | Ίωνος Δραγούμη 15, 54625
Τ: +30 2310 287779 – Τ: +30 2314 440300